000 00552nam a2200217 4500
003 OSt
005 20260601193903.0
008 260508b1996 |||a|||| |||| 001 0 eng d
020 _a0760702179
040 _aICI
_bspa
_cICI
_erda
041 _aeng
050 _aNC998
_b.B37
100 _aGibson, Clare
_eautor
_934174
245 _aSigns & Symbols
264 _aChina
_bBarnes and Noble, Inc
_c1996
300 _a160 páginas
336 _2rdacontent
_atexto
337 _2rdamedia
_asin medio
338 _2rdacarrier
_avolumen
942 _2lcc
_n1
_cB
999 _c22313
_d22313